Books of the bible - Statistics

General Stats
  • This quiz has been taken 20 times
    4 since last reset
  • The average score is 4 of 39
Answer Stats
Answer % Correct
Genesis
100%
Exodus
75%
Deuteronomy
50%
Leviticus
50%
Numbers
50%
Joshua
25%
Judges
25%
Ruth
25%
1 Chronicles
0%
1 Kings
0%
1 Samuel
0%
2 Chronicles
0%
2 Kings
0%
2 Samuel
0%
Amos
0%
Daniel
0%
Ecclesiastes
0%
Esther
0%
Ezekiel
0%
Ezra
0%
Habakkuk
0%
Haggai
0%
Hosea
0%
Isaiah
0%
Jeremiah
0%
Job
0%
Joel
0%
Jonah
0%
Lamentations
0%
Malachi
0%
Micah
0%
Nahum
0%
Nehemiah
0%
Obadiah
0%
Proverbs
0%
Psalms
0%
Song of Solomon
0%
Zechariah
0%
Zephaniah
0%
No matching quizzes found
Score Distribution
Percent of People with Each Score
Percentile by Number Answered
Your Score History
You have not taken this quiz since the last reset